000 00337nam a22001457a 4500
008 230717b ||||| |||| 00| 0 eng d
020 _a9781111578367
041 _aeng
080 _25 EDITION
_a51
082 _a51TUS
100 _a23
101 _aMATEM
245 _aELEMENTARY AND INTERMEDIATE ALGEBRA
_cALAN S T
942 _2udc
_cBK
999 _c60144
_d60144